[Event "EU-Cup Online Final"]
[Site "Tornelo INT"]
[Date "2021.03.31"]
[Round "9.2"]
[White "Socko, Bartosz"]
[Black "Engel, Luis"]
[Result "1-0"]
[WhiteElo "2618"]
[BlackElo "2553"]
[PlyCount "103"]
[EventDate "2021.03.30"]
[EventType "team-tourn (rapid)"]
[EventRounds "9"]
[EventCountry "NET"]
[SourceTitle "CBM 201"]
[Source "ChessBase"]
[SourceDate "2021.04.30"]
[SourceVersion "1"]
[SourceVersionDate "2021.04.30"]
[SourceQuality "1"]
[WhiteTeam "Poland Hussars"]
[BlackTeam "Hamburger SK"]
[WhiteTeamCountry "POL"]
[BlackTeamCountry "GER"]

1. d4 Nf6 2. Nf3 d5 3. g3 e6 4. Bg2 Be7 5. 0-0 0-0 6. c4 dxc4 7. Ne5 Nc6 8. Bxc6 bxc6 9. Nxc6 Qe8 10. Nxe7+ Qxe7 11. Qc2 e5 12. dxe5 Qxe5 13. Bf4 Qh5 14. Nc3 g5 15. Bxc7 Ng4 16. h4 gxh4 17. Qe4 hxg3 18. Bxg3 Bf5 19. Qf3 Rad8 20. Rfd1 Be6 21. Ne4 Qg6 22. Qf4 h5 23. f3 Rxd1+ 24. Rxd1 Bf5 25. Rd5 Nh6 26. Nd6 h4 27. Qxh4 f6 28. Kf2 Be6 29. Rh5 Nf5 30. Nxf5 Bxf5 31. Qxc4+ Kg7 32. Rh1 Rc8 33. Qd4 Rc2 34. Rg1 Qe8 35. Be5+ Kf7 36. Qxa7+ Qd7 37. Qxd7+ Bxd7 38. Bc3 Bb5 39. Re1 Ke6 40. Ke3 f5 41. f4 Bc4 42. a4 Ba6 43. Kd4 Bxe2 44. b4 Kd7 45. b5 Bf3 46. a5 Be2 47. Rb1 Kc8 48. a6 Ra2 49. Kc5 Rc2 50. Rb3 Bf3 51. b6 Kb8 52. b7 1-0

[Event "EU-Cup Online Play-A"]
[Site "Tornelo INT"]
[Date "2021.03.29"]
[Round "2.1"]
[White "Engel, Luis"]
[Black "Wagner, Dennis"]
[Result "1-0"]
[WhiteElo "2553"]
[BlackElo "2581"]
[PlyCount "69"]
[EventDate "2021.03.29"]
[EventType "team-tourn (rapid)"]
[EventRounds "5"]
[EventCountry "NET"]
[SourceTitle "CBM 201 Extra"]
[Source "ChessBase"]
[SourceDate "2021.05.31"]
[SourceVersion "1"]
[SourceVersionDate "2021.05.31"]
[SourceQuality "1"]
[WhiteTeam "Hamburger SK"]
[BlackTeam "Hockenheim"]
[WhiteTeamCountry "GER"]
[BlackTeamCountry "GER"]

1. e4 e5 2. Nf3 Nc6 3. Bb5 a6 4. Ba4 Nf6 5. d3 b5 6. Bb3 Be7 7. a4 b4 8. Nbd2 d6 9. Nc4 0-0 10. h3 Rb8 11. 0-0 h6 12. Re1 Be6 13. Be3 Nd7 14. a5 Bf6 15. Ba4 Ne7 16. Qd2 Bxc4 17. dxc4 Nc5 18. Bxc5 dxc5 19. Qe3 Ng6 20. Rad1 Qe7 21. Rd7 Qe6 22. Qxc5 Be7 23. Qxc7 Rfc8 24. Rxe7 Rxc7 25. Rxc7 Nf4 26. Rc6 Qd7 27. c5 Rc8 28. Nxe5 Qd8 29. Rxc8 Qxc8 30. c6 Qd8 31. Nd3 Qxa5 32. Nxf4 Qxa4 33. c7 Qxc2 34. Nd5 Kf8 35. Nc3 1-0

[Event "EU-Cup Online Gr-B"]
[Site "Tornelo INT"]
[Date "2021.03.27"]
[Round "3.3"]
[White "Engel, Luis"]
[Black "Lecky, Juraj"]
[Result "1-0"]
[WhiteElo "2553"]
[BlackElo "2070"]
[PlyCount "109"]
[EventDate "2021.03.27"]
[EventType "team-tourn (rapid)"]
[EventRounds "9"]
[EventCountry "NET"]
[SourceTitle "CBM 201 Extra"]
[Source "ChessBase"]
[SourceDate "2021.05.31"]
[SourceVersion "1"]
[SourceVersionDate "2021.05.31"]
[SourceQuality "1"]
[WhiteTeam "Hamburger SK"]
[BlackTeam "Levice Lions"]
[WhiteTeamCountry "GER"]
[BlackTeamCountry "SVK"]

1. e4 c5 2. Nf3 d6 3. d4 cxd4 4. Nxd4 Nf6 5. Nc3 a6 6. g3 e5 7. Nde2 b5 8. Nd5 Nxd5 9. Qxd5 Ra7 10. Be3 Bb7 11. Qd3 Ra8 12. Bg2 Nd7 13. Nc3 Qa5 14. 0-0 Be7 15. Nd5 Bxd5 16. Qxd5 0-0 17. Bh3 Nf6 18. Qb7 Rfe8 19. c3 Qa4 20. Qc6 Qc4 21. Qxc4 bxc4 22. f3 Rab8 23. Rab1 d5 24. exd5 Nxd5 25. Bf2 Red8 26. Rfe1 Bf6 27. Bf1 Nb6 28. Bxb6 Rxb6 29. Bxc4 Rd2 30. Re2 Rxe2 31. Bxe2 Rd6 32. Rd1 Rxd1+ 33. Bxd1 Kf8 34. Kf2 Ke7 35. Ke3 Bg5+ 36. Ke4 Kd6 37. b4 Bd2 38. Kd3 Be1 39. Bb3 f5 40. Bc4 Bf2 41. Bxa6 Bg1 42. h3 g5 43. Bc8 f4 44. gxf4 gxf4 45. a4 Kc7 46. Bf5 h6 47. a5 Kd6 48. c4 Bd4 49. c5+ Kc6 50. Kc4 Kc7 51. b5 Be3 52. b6+ Kb7 53. Kb5 h5 54. a6+ Kb8 55. a7+ 1-0

[Event "GER-chT Online Liga 1 GpD"]
[Site "Playchess.com INT"]
[Date "2021.02.25"]
[Round "4.1"]
[White "Engel, Luis"]
[Black "Sawlin, Leonid"]
[Result "1-0"]
[WhiteElo "2553"]
[BlackElo "2385"]
[PlyCount "51"]
[EventDate "2021.01.18"]
[EventType "team-tourn (rapid)"]
[EventRounds "7"]
[EventCountry "GER"]
[SourceTitle "EXT 2022"]
[Source "ChessBase"]
[SourceDate "2021.10.06"]
[SourceVersion "1"]
[SourceVersionDate "2021.10.06"]
[SourceQuality "1"]
[WhiteTeam "Hamburger SK"]
[BlackTeam "Zehlendorf"]
[WhiteTeamCountry "GER"]
[BlackTeamCountry "GER"]

1. e4 e6 2. d4 d5 3. Nd2 h6 4. Bd3 c5 5. dxc5 Bxc5 6. Ngf3 Nc6 7. a3 Nf6 8. Qe2 0-0 9. 0-0 a5 10. e5 Nd7 11. c4 Re8 12. Nb3 Bf8 13. Rd1 a4 14. Nbd4 Ndxe5 15. Nxe5 Nxd4 16. Qh5 Qc7 17. Nxf7 Qxf7 18. Bh7+ Kxh7 19. Qxf7 Ne2+ 20. Kf1 Rd8 21. Kxe2 b6 22. Rd3 Ba6 23. Rh3 Bxc4+ 24. Ke1 Kh8 25. Bxh6 gxh6 26. Rg3 1-0